00271 a2200109 4500001000700000040003500007100002500042240004100067245003600108300000800144362000900152155324 cEscola São Tomás de Aquino aGIOVANNI, José Ruy10aMatemática uma nova abordagemlpor10aMatemática uma nova abordagem a4000 a2013